| 000 | 00736nam a2200229 a 4500 | ||
|---|---|---|---|
| 999 |
_c11256 _d11256 |
||
| 001 | 11256 | ||
| 003 | BD-JhCC | ||
| 005 | 20190912132559.0 | ||
| 008 | 190619s 2009bg a|||| ||a| 000 0 ben d | ||
| 020 | _a9847015200251 | ||
| 035 | _a(BD-JhCC)11256 | ||
| 040 |
_aBD-JhCC _dBD-JhCC |
||
| 041 | _aben | ||
| 082 |
_a510 _bKAR 2009 |
||
| 100 | _aকরিম, এ . কে . বজলুল | ||
| 245 |
_aঅংকের রাজ্যে আলাদীন / _c এ . কে . বজলুল করিম । |
||
| 260 |
_aঢাকা: _bঅনুপম প্রকাশনী; _c২০০৯. |
||
| 300 |
_a৪৮ পৃ . : _bill; _c২২ সেমি. |
||
| 650 | _aMahtematics | ||
| 942 |
_2ddc _cBK |
||